| 000 | 00453nam a2200181Ia 4500 | ||
|---|---|---|---|
| 003 | IN-BaIIA | ||
| 008 | 211028s9999 xx 000 0 eng d | ||
| 040 | _cIIA Library | ||
| 080 |
_a46 _bHOL |
||
| 100 |
_aHolmyard, J. E _92117 |
||
| 245 | 0 |
_aInorganic chemistry _cEric John Holmyard |
|
| 250 | _a2nd ed. | ||
| 260 |
_aLondon _bEdward Arnold _c1949 |
||
| 300 | _axii, 576p. | ||
| 650 |
_aAnalytical Chemistry _92118 |
||
| 650 | _aChemistry | ||
| 942 | _cBK | ||
| 999 |
_c980 _d980 |
||